| 000 | 00487nam a2200181Ia 4500 | ||
|---|---|---|---|
| 008 | 240925s9999 xx 000 0 und d | ||
| 020 | _a9788120417861 | ||
| 082 | _a338.10973 RED | ||
| 100 | _aReddy, S. Subba. | ||
| 245 | 0 | _aAgricultural Economics | |
| 250 | _a2nd | ||
| 260 |
_aNew Delhi: _bCBS Publishers and Distributors Pvt. Ltd. _c,2019. |
||
| 300 |
_a606p. _b0 _fOriginal |
||
| 500 | _aIncludes Index | ||
| 600 | _aSocial Sciences | ||
| 650 | _aSocial Sciences | ||
| 942 | _cBK | ||
| 999 |
_c16842 _d16842 |
||